000 00824nam a22002177a 4500
999 _c58884
_d58884
005 20221013103217.0
008 221013s2019 gw ||||| |||| 00| 0 ger d
020 _a9783126071543
041 _ager
080 _a811.112.2'373 N-46
245 _aNetzwerk neu A1.1 :
_bKurs- und Übungsbuch mit Audios und Videos /
_cStefanie Dengler, Paul Rusch, Helen Schmitz, Tanja Sieber.
264 _aStuttgart :
_bErnst Klett Sprachen,
_c2019.
300 _a176 p. ;
_b28 cm.
653 _aგერმანული ენის ლექსიკა
653 _aлексика
700 _aDengler, Stefanie
_eავტორი
_915311
700 _aRusch, Paul
_eავტორი
_915285
700 _a Schmitz, Helen
_eავტორი
_915312
700 _aSieber, Tanja
_eავტორი
_915313
942 _2udc
_cBK